000 00755nam a2200241 i 4500
001 bg
100 1 _aKLAPCZYŃSKA, Małgorzata
245 1 0 _aFirma i jej ochrona /
_cMałgorzata Klapczyńska.
260 _aWarszawa :
_bWydaw. Prawnicze "LexisNexis",
_c2004.
300 _a245, [3] s. ;
_c21 cm.
504 _aBibliogr. s. 241-245.
650 9 _aFirma (nazwa)
_xprawo
_zPolska
_ystan na 2004 r.
655 _aPoradniki
015 _aPB 17479/2004
020 _a8373343245
040 _cBPK
041 0 _apol
080 _a347.77(438)
920 _a83-7334-324-5
942 _cKS
008 s pl f |000 0 pol
999 _c46742
_d46742
856 _uhttp://koha.tu.koszalin.pl/cgi-bin/koha/opac-detail.pl?biblionumber=46742
_yKatalog online BPK